HMSalud : (Registro nro. 2853)
[ vista simple ]
| 000 -LEADER | |
|---|---|
| campo de control de longitud fija | 01289nam a22002057a 4500 |
| 001 - NÚMERO DE CONTROL | |
| campo de control | 2853 |
| 003 - IDENTIFICADOR DE NÚMERO DE CONTROL | |
| campo de control | HMS |
| 005 - FECHA Y HORA DE LA ÚLTIMA TRANSACCIÓN | |
| campo de control | 20251016163342.0 |
| 008 - DATOS DE LONGITUD FIJA--INFORMACIÓN GENERAL | |
| campo de control de longitud fija | 251016e2011 cl n|gsrn||| 00| 0 spa |
| 040 ## - FUENTE DE CATALOGACIÓN | |
| Centro catalogador/agencia de origen | hms |
| Centro/agencia transcriptor | spa |
| Centro/agencia modificador | hms |
| 110 1# - ENTRADA PRINCIPAL--NOMBRE DE ENTIDAD CORPORATIVA | |
| Nombre de entidad corporativa o nombre de jurisdicción como elemento de entrada | Ejercito de Chile |
| Unidad subordinada | Hospital Militar de Santiago |
| 9 (RLIN) | 697 |
| 245 10 - MENCIÓN DEL TÍTULO | |
| Título | HMSalud : |
| Resto del título | Revista Hospital Militar de Santiago : una guía de salud para compartir con la familia / |
| Mención de responsabilidad, etc. | Coronel Director General Sergio Rivas González. |
| Medio | [registro electronico] |
| 250 ## - MENCION DE EDICION | |
| Mención de edición | N°1 noviembre 2011 |
| 260 ## - PUBLICACIÓN, DISTRIBUCIÓN, ETC. | |
| Lugar de publicación, distribución, etc. | Santiago de Chile : |
| Nombre del editor, distribuidor, etc. | s/i, |
| Fecha de publicación, distribución, etc. | 2011 |
| 300 ## - DESCRIPCIÓN FÍSICA | |
| Extensión | 14 páginas : |
| Otras características físicas | ilustraciones ; |
| Dimensiones | 28 cm. |
| 505 ## - NOTA DE CONTENIDO CON FORMATO | |
| Nota de contenido con formato | Dr. Enrique Hess, Neurología tecnología y contención las 24 horas. -- Laboratorio eficiencia y calidez al servicio de la salud. -- Dr. Enrique Valenzuela, Alergias estacionales el gran enemigo que llega con la primavera. -- Dr. Kurt Kirsten Neonatólogo, Gloria Rodríguez matrona. Lactancia materna los motivos de su importancia en la dieta infantil. -- Mes del cáncer doblare la mano a está enfermedad. -- Hospital Militar con las puertas abiertas a toda la ciudadanía. -- Límites con amor CAPDIJ. |
| 650 #7 - PUNTO DE ACCESO ADICIONAL DE MATERIA--TÉRMINO DE MATERIA | |
| Término de materia o nombre geográfico como elemento de entrada | Hospitales Militares. |
| Subdivisión de forma | Publicaciones periódicas. |
| 9 (RLIN) | 4452 |
| 856 40 - LOCALIZACIÓN Y ACCESO ELECTRÓNICOS | |
| Identificador Uniforme de Recursos | <a href="https://nube.hms.cl/index.php/s/FqqkemH3Y2xTpRG">https://nube.hms.cl/index.php/s/FqqkemH3Y2xTpRG</a> |
| 942 ## - ELEMENTOS DE ENTRADA SECUNDARIOS (KOHA) | |
| Fuente del sistema de clasificación o colocación | Clasificación Decimal Dewey |
| Suprimir en OPAC | No |
| Tipo de ítem Koha | Colección de Hemeroteca |
| Estatus retirado | Estado de pérdida | Fuente del sistema de clasificación o colocación | Estado de daño | No para préstamo | Colección | Biblioteca de origen | Biblioteca actual | Ubicación en estantería | Fecha de adquisición | Número de inventario | Total de préstamos | Signatura topográfica completa | Código de barras | Visto por última vez | Copia número | Precio de reemplazo | Tipo de ítem Koha |
|---|---|---|---|---|---|---|---|---|---|---|---|---|---|---|---|---|---|
| Clasificación Decimal Dewey | Colección Reserva | Biblioteca Hospital Militar de Santiago | Biblioteca Hospital Militar de Santiago | Full Space | 16/10/2025 | 0002988 | Ed. No. 01 Nov. 2011 | 0002988 | 16/10/2025 | c.1 | 16/10/2025 | Colección de Hemeroteca |
